[Event "27th Fajr Cup Masters 2019"]
[Site "Tehran"]
[Date "2019.02.06"]
[Round "2.6"]
[White "Ghaem Maghami, Ehsan"]
[Black "Mahdavirad, Mehdi"]
[Result "1-0"]
[WhiteElo "2540"]
[BlackElo "2211"]
[Annotator "TA"]
[PlyCount "84"]
[EventDate "2019.02.05"]
[EventType "swiss"]
[EventCountry "IRI"]
[SourceTitle "playchess.com"]
[Source "ChessBase"]
[SourceQuality "1"]

{[%evp 15,84,12,8,0,0,0,14,20,17,8,15,0,1,-7,3,-8,0,0,0,-11,-11,-15,-10,0,0,-31,-4,-2,0,0,4,-28,0,0,0,0,0,0,14,20,11,12,36,0,0,0,0,0,0,0,0,0,0,0,0,-14,0,0,0,0,0,0,0,0,0,0,0,0,87,87,90]} 1. Nf3 $146 (1. d4 d5 2. c4 e6 3. Nc3 Nf6 4. Bg5 Nbd7 5. e3 c6 6. a3 Be7 7. Nf3 O-O {0-1 (40) Granda Zuniga,J (2636)-Adly,A (2630) Khanty-Mansiysk 2010}) ({Predecessor:} 1. d4 d5 2. c4 c6 3. Nc3 Nf6 {1-0 (59) Godoy,R (2098)-Fernandez Arrue,R (2100) Villa Martelli 2002}) 1... Nf6 2. c4 c6 3. d4 d5 4. Nc3 e6 5. Bg5 Nbd7 ({Predecessor:} 5... Be7 6. e3 {1-0 (59) Godoy,R (2098)-Fernandez Arrue,R (2100) Villa Martelli 2002}) 6. e3 Be7 7. Qc2 O-O 8. a3 b6 9. Rd1 {D61: Queen's Gambit Declined: Classical: 7 Qc2} (9. cxd5 cxd5 10. Bd3 Bb7 11. O-O h6 12. Bf4 Rc8 13. Rfc1 a6 14. a4 Rc6 15. Qe2 Qa8 16. Nd2 Bb4 17. h3 Rfc8 18. Bb5 axb5 19. axb5 Rxc3 20. bxc3 {0-1 (40) Granda Zuniga,J (2636)-Adly,A (2630) Khanty-Mansiysk 2010}) ({Predecessor:} 9. Bd3 dxc4 10. Bxc4 Bb7 11. Rd1 Rc8 {1-0 (59) Godoy,R (2098)-Fernandez Arrue,R (2100) Villa Martelli 2002}) 9... Bb7 10. Bd3 Rc8 11. O-O {The position is equal.} dxc4 12. Bxc4 Nd5 ({Predecessor:} 12... Qc7 13. Ba2 Rfe8 14. e4 Nf8 15. Bh4 Nh5 16. Bg3 Nxg3 17. hxg3 {1-0 (59) Godoy,R (2098)-Fernandez Arrue,R (2100) Villa Martelli 2002}) 13. Bxe7 Qxe7 14. e4 Nxc3 15. Qxc3 c5 16. d5 exd5 17. exd5 Qd6 $1 18. Nh4 g6 19. f4 Rcd8 20. f5 Ne5 (20... g5 $5 {[%cal Rg5h4]} 21. Nf3 h6 $15) 21. b3 Bc8 22. fxg6 fxg6 23. h3 Rxf1+ 24. Rxf1 Rf8 25. Re1 Nxc4 26. bxc4 Qf6 (26... Bd7 {is more complex.} 27. Re3 b5 28. cxb5 Bxb5 29. Nf3 Rf5) 27. Qxf6 Rxf6 $11 {[%mdl 4096] Endgame KRB-KRN} 28. Nf3 Rf4 29. Ng5 h6 30. Ne4 Kf8 31. Re3 {Black must now prevent g3.} Bf5 32. Nd6 Bd7 33. Ne4 Bf5 34. Nd6 Bd7 35. a4 Rd4 36. a5 bxa5 37. Rc3 a4 38. Nb7 {[#]} a3 $1 {[%mdl 512]} 39. Rxa3 Rxc4 40. Rxa7 Rc1+ 41. Kf2 c4 {[#]} (41... Ke7 $11 {keeps the balance.}) 42. Nc5 $1 $16 Bb5 {Accuracy: White = 68%, Black = 58%.} 1-0

[Event "27th Fajr Cup Masters 2019"]
[Site "Tehran"]
[Date "2019.02.06"]
[Round "2.7"]
[White "Aghaei, Alireza"]
[Black "Mosadeghpour, Masoud"]
[Result "0-1"]
[WhiteElo "2230"]
[BlackElo "2531"]
[Annotator "TA"]
[PlyCount "116"]
[EventDate "2019.02.05"]
[EventType "swiss"]
[EventCountry "IRI"]
[SourceTitle "playchess.com"]
[Source "ChessBase"]
[SourceQuality "1"]

{[%evp 26,116,10,8,7,0,0,8,0,5,0,5,7,0,6,6,7,6,18,6,16,0,0,0,0,-172,-164,-173,-176,-230,-159,-174,-167,-291,-256,-581,-573,-580,-575,-752,-749,-590,-532,-532,-532,-532,-532,-532,-428,-583,-583,-558,-558,-532,-532,-581,-581,-581,-572,-581,-518,-532,-428,-428,-428,-428,-428,-428,-428,-1608,-1601,-1000,-1720,-1970,-1968,-1982,-1881,-2218,-1644,-6460,-5001,-1695,-691,-29975,-29976,-29967,-29977,-29981,-29982,-29982,-29983,-29987,-29988]} 1. d4 ({Predecessor:} 1. Nf3 d5 2. d4 Nf6 3. c4 {½-½ (19) Djuric,S (2520)-Dervishi,E (2450) Athens 1998}) 1... Nf6 2. c4 e6 3. Nf3 $146 (3. Nc3 d5 4. Bg5 Be7 5. e3 h6 6. Bh4 b6 7. Nf3 {0-1 (26) Seirawan,Y (2620)-Bacrot,E (2697) Berlin 2015}) 3... d5 4. Nc3 ({Predecessor:} 4. Bg5 Be7 {½-½ (19) Djuric,S (2520)-Dervishi,E (2450) Athens 1998}) 4... Be7 5. Bg5 O-O 6. e3 h6 7. Bh4 b6 8. cxd5 (8. Rc1 Bb7 9. cxd5 exd5 10. Bd3 Nbd7 11. O-O c5 12. Qe2 Ne4 13. Bxe7 {0-1 (26) Seirawan,Y (2620)-Bacrot,E (2697) Berlin 2015}) ({Predecessor:} 8. Bd3 Bb7 9. O-O Nbd7 10. Rc1 c5 11. Qe2 Ne4 12. Bxe7 Qxe7 13. cxd5 {½-½ (19) Djuric,S (2520)-Dervishi,E (2450) Athens 1998}) 8... exd5 9. Bd3 Bb7 10. O-O Nbd7 {[%cal Bb8d7,Bd7f6,Bf6e4][%mdl 32]} 11. Qe2 Ne4 12. Bxe7 Qxe7 13. Rac1 c5 14. Ba6 Ndf6 {D58: Queen's Gambit Declined: Tartakower Defence} 15. Bxb7 Qxb7 16. dxc5 bxc5 {The position is equal.} 17. Nxe4 Nxe4 18. b3 (18. Rc2 Rfe8 19. Qd3 Rad8 20. h3 Qb6 21. Nd2 c4 22. Qe2 d4 23. Nxc4 d3 24. Qf3 Ng5 25. Qf5 g6 26. Nxb6 {0-1 (26) Seirawan,Y (2620)-Bacrot,E (2697) Berlin 2015}) 18... Rac8 19. Nd2 ({Predecessor:} 19. Nh4) 19... Nf6 20. Rc2 Rc7 21. Rfc1 Rfc8 22. Qd3 a5 23. Qc3 Qa6 24. h3 a4 25. b4 $2 {[#]} (25. Qe5 $11 {and White has nothing to worry.}) 25... cxb4 $1 $19 26. Qxc7 Rxc7 27. Rxc7 Qd3 28. R7c2 Kh7 29. Rb2 (29. Nf3 {keeps fighting.}) 29... d4 30. Nf1 $2 (30. Nc4 Ne4 31. Ne5) 30... Qa3 31. Rcb1 Nd5 32. Rd2 Nc3 33. Re1 b3 34. axb3 axb3 35. Rxd4 b2 36. Nd2 Qa1 37. Nb1 {[#]} Ne2+ $1 {[%mdl 576] Deflection} 38. Rxe2 {Threatens to win with Re1.} Qxb1+ {[%mdl 4096] Endgame KQ-KRR} 39. Kh2 {Rb4 is the strong threat.} Qc1 40. Rb4 b1=Q 41. Rxb1 Qxb1 {KQ-KR} 42. Rd2 Qf5 43. g3 h5 44. h4 f6 45. Kg2 Qe4+ 46. Kg1 g5 47. hxg5 (47. Rd7+ $142 Kg6 48. Rd4 Qb1+ 49. Kg2) 47... fxg5 48. Rd4 Qf3 49. Rb4 Kg6 50. Rd4 Kf5 51. Rb4 Ke6 52. Rd4 Ke5 53. Rb4 Kd6 54. Rc4 Qd1+ {Black mates.} 55. Kh2 Qf1 56. Rd4+ Ke6 57. Rd2 Kf5 58. f4 g4 {Accuracy: White = 40%, Black = 76%.} 0-1

[Event "27th Fajr Cup Masters 2019"]
[Site "Tehran"]
[Date "2019.02.06"]
[Round "2.9"]
[White "Vojdani, Siavosh"]
[Black "Tahbaz, Arash"]
[Result "0-1"]
[WhiteElo "2205"]
[BlackElo "2484"]
[Annotator "RC"]
[PlyCount "170"]
[EventDate "2019.02.05"]
[EventType "swiss"]
[EventCountry "IRI"]
[SourceTitle "playchess.com"]
[Source "ChessBase"]
[SourceQuality "1"]
[TimeControl "5400+30"]

1. e4 {[%emt 0:00:00]} c5 {[%emt 0:04:23]} 2. Nf3 {[%emt 0:00:00]} d6 {[%emt 0:00:13]} 3. d4 {[%emt 0:00:00]} cxd4 {[%emt 0:00:03]} 4. Nxd4 {[%emt 0:00:04]} Nf6 {[%emt 0:00:02]} 5. Nc3 {[%emt 0:00:17]} a6 {[%emt 0:00:03]} 6. Be2 {[%emt 0:00:12]} e5 {[%emt 0:01:38]} 7. Nb3 {[%emt 0:00:18]} Be7 {[%emt 0:00:04]} 8. O-O {[%emt 0:00:19]} O-O {[%emt 0:00:02]} 9. Re1 {[%emt 0:00:10]} a5 {[%emt 0:00:41]} 10. a4 {[%emt 0:03:00]} Nc6 {[%emt 0:00:06]} 11. Bg5 {[%emt 0:01:46]} Be6 {[%emt 0:04:24]} 12. Bf3 {[%emt 0:06:04]} Rc8 {[%emt 0:08:20]} 13. Nb5 {[%emt 0:06:26]} Ne8 {[%emt 0:08:54]} 14. Be3 {[%emt 0:04:34]} h6 {[%emt 0:02:02]} 15. Re2 {[%emt 0:04:01]} Bg5 {[%emt 0:02:16]} 16. Bxg5 {[%emt 0:03:18]} Qxg5 {[%emt 0:00:14]} 17. c3 {[%emt 0:06:16]} Nf6 {[%emt 0:03:09]} 18. Re3 {[%emt 0:06:57]} Rfd8 {[%emt 0:01:17]} 19. Nd2 {[%emt 0:11:27]} d5 {[%emt 0:03:25]} 20. Rd3 {[%emt 0:05:53]} d4 {[%emt 0:05:01]} 21. cxd4 {[%emt 0:02:07]} exd4 {[%emt 0:02:03]} 22. Be2 {[%emt 0:00:16]} Nb4 {[%emt 0:01:09]} 23. Nf3 {[%emt 0:03:55]} Qf4 {[%emt 0:02:21]} 24. Rxd4 {[%emt 0:01:11]} Rxd4 {[%emt 0:01:28]} 25. Nbxd4 {[%emt 0:00:19]} Qxe4 {[%emt 0:01:41]} 26. Nxe6 {[%emt 0:01:06]} Qxe6 {[%emt 0:00:38]} 27. b3 {[%emt 0:02:32]} Qb6 {[%emt 0:06:36]} 28. Bc4 {[%emt 0:01:52]} Rd8 {[%emt 0:00:50]} 29. Qf1 {[%emt 0:02:29]} Ne4 {[%emt 0:01:18]} 30. Re1 {[%emt 0:04:11]} Nd6 {[%emt 0:02:10]} 31. Ne5 {[%emt 0:00:27]} Qd4 {[%emt 0:02:16]} 32. Qe2 {[%emt 0:02:48]} Re8 {[%emt 0:02:15]} 33. Rd1 {[%emt 0:02:51]} Qc3 {[%emt 0:10:46]} 34. Qf3 {[%emt 0:04:27]} Qxe5 {[%emt 0:03:56]} 35. Rxd6 {[%emt 0:00:22]} Qe1+ {[%emt 0:04:12]} 36. Bf1 {[%emt 0:00:16]} Qe7 {[%emt 0:00:55]} 37. Rd2 {[%emt 0:01:45]} Rc8 {[%emt 0:00:20]} 38. Re2 {[%emt 0:00:40]} Qd7 {[%emt 0:00:44]} 39. Re1 {[%emt 0:01:58]} Nc2 {[%emt 0:02:03]} 40. Rc1 {[%emt 0:01:48]} Rc6 {[%emt 0:01:34]} 41. Qd1 {[%emt 0:04:27]} Qc7 {[%emt 0:03:08]} 42. Bd3 {[%emt 0:02:03]} Nd4 {[%emt 0:00:07]} 43. Rxc6 {[%emt 0:00:14]} Qxc6 {[%emt 0:01:17]} 44. Bc4 {[%emt 0:01:28]} Qf6 {[%emt 0:04:32]} 45. Qe1 {[%emt 0:01:28]} Qd8 {[%emt 0:00:22]} 46. h3 {[%emt 0:00:24]} b6 {[%emt 0:00:18]} 47. Qe4 {[%emt 0:00:43]} Qd7 {[%emt 0:02:39]} 48. Qa8+ {[%emt 0:01:44]} Kh7 {[%emt 0:00:01]} 49. Qe4+ {[%emt 0:00:18]} g6 {[%emt 0:00:37]} 50. Qf4 {[%emt 0:00:49]} Nf5 {[%emt 0:01:25]} 51. Qb8 {[%emt 0:00:56]} Qd1+ {[%emt 0:01:23]} 52. Kh2 {[%emt 0:00:31]} Qd6+ 53. Qxd6 {[%emt 0:00:08]} Nxd6 {[%emt 0:00:02]} 54. Bd3 {[%emt 0:00:33]} Kg7 {[%emt 0:00:16]} 55. Kg3 {[%emt 0:00:45]} Kf6 {[%emt 0:00:01]} 56. f4 {[%emt 0:01:45]} Ke6 {[%emt 0:00:03]} 57. Kf3 {[%emt 0:00:05]} Kd5 {[%emt 0:00:01]} 58. Ke3 {[%emt 0:00:14]} Kc5 {[%emt 0:00:07]} 59. Bc2 {[%emt 0:01:57]} Ne8 {[%emt 0:00:19]} 60. f5 {[%emt 0:00:24]} g5 {[%emt 0:00:05]} 61. Kd3 {[%emt 0:00:24]} h5 {[%emt 0:00:10]} 62. Bd1 {[%emt 0:00:34]} h4 {[%emt 0:00:06]} 63. Bf3 {[%emt 0:00:32]} f6 {[%emt 0:00:06]} 64. Kc3 {[%emt 0:00:04]} Nd6 {[%emt 0:00:07]} 65. Bg4 {[%emt 0:00:21]} Ne4+ {[%emt 0:00:01]} 66. Kd3 {[%emt 0:00:38]} Nd6 {[%emt 0:01:47]} 67. Kc3 {[%emt 0:00:10]} b5 {[%emt 0:00:39]} 68. axb5 {[%emt 0:00:59]} Nxb5+ {[%emt 0:00:01]} 69. Kb2 {[%emt 0:00:28]} Kb4 {[%emt 0:01:33]} 70. Bf3 {[%emt 0:00:24]} Nd4 {[%emt 0:00:09]} 71. Bd5 {[%emt 0:00:09]} Nxf5 {[%emt 0:00:03]} 72. Bc6 {[%emt 0:00:29]} Ne3 {[%emt 0:00:10]} 73. Be4 {[%emt 0:00:49]} f5 {[%emt 0:00:02]} 74. Bd3 {[%emt 0:00:13]} g4 {[%emt 0:00:14]} 75. Bxf5 {[%emt 0:00:28]} Nxf5 {[%emt 0:00:55]} 76. hxg4 {[%emt 0:00:07]} Ne7 {[%emt 0:01:30]} 77. g5 {[%emt 0:00:36]} Kc5 {[%emt 0:00:09]} 78. Ka3 {[%emt 0:00:12]} Kd5 {[%emt 0:00:29]} 79. Ka4 {[%emt 0:00:11]} Nc6 {[%emt 0:00:15]} 80. Kb5 {[%emt 0:00:20]} Nd4+ {[%emt 0:00:07]} 81. Kxa5 {[%emt 0:00:06]} Nxb3+ {[%emt 0:01:06]} 82. Kb4 {[%emt 0:00:09]} Nd4 {[%emt 0:00:02]} 83. Kc3 {[%emt 0:00:29]} Ke5 {[%emt 0:00:21]} 84. Kd3 {[%emt 0:00:13]} Ne6 {[%emt 0:00:05]} 85. Ke3 {[%emt 0:00:29]} Nxg5 {[%emt 0:00:05] Kd4+} 0-1

[Event "27th Fajr Cup Masters 2019"]
[Site "Tehran"]
[Date "2019.02.06"]
[Round "3.1"]
[White "Kuzubov, Yuriy"]
[Black "Tahbaz, Arash"]
[Result "1-0"]
[WhiteElo "2650"]
[BlackElo "2484"]
[Annotator "TA"]
[PlyCount "70"]
[EventDate "2019.02.05"]
[EventType "swiss"]
[EventCountry "IRI"]
[SourceTitle "playchess.com"]
[Source "ChessBase"]
[SourceQuality "1"]

{[%evp 29,70,12,18,10,31,0,0,-12,-10,-16,-16,-10,18,9,10,0,10,13,54,58,58,58,59,59,56,50,446,468,567,588,683,649,657,698,681,697,694,697,666,670,683,675,675]} 1. d4 Nf6 2. c4 e6 3. g3 d5 4. Nf3 Be7 5. Bg2 O-O 6. O-O dxc4 7. Qc2 a6 8. a4 Bd7 {[%cal Bc8d7,Bd7c6,Bc6d5][%mdl 32]} 9. Qxc4 Bc6 10. Bg5 Bd5 11. Qc2 Be4 12. Qc1 h6 13. Bxf6 {E05: Open Catalan: 5 Nf3 Be7} Bxf6 14. Nbd2 Bxf3 15. Nxf3 a5 {LiveBook: 6 Games} 16. Qc3 {[#]} c6 $146 ({Predecessor:} 16... Nc6 17. Rad1 Nb4 18. Ne5 c6 19. Ng4 Rc8 20. e4 Be7 {½-½ (65) Rodshtein,M (2678)-Kryvoruchko,Y (2705) Brest 2018}) 17. Rad1 Na6 18. e4 Qb6 19. e5 Be7 20. Nd2 Nb4 21. Nc4 $36 {[%mdl 2048] White has good play.} Qa7 22. Kh1 Rad8 23. f4 Rd7 24. f5 exf5 25. Ne3 g6 26. Nxf5 $1 gxf5 27. Qf3 $1 {[%cal Rf3f5]} Rxd4 $2 {[%mdl 8192]} ({Better is} 27... Nc2 $1 $14 28. Qxf5 Rxd4 29. Qxc2 Rxd1 30. Qxd1 (30. Rxd1 Qe3 $11) 30... Qe3) 28. Rxd4 $18 {White is clearly winning.} Qxd4 29. Qxf5 f6 {[#]} 30. Qg6+ $1 Kh8 31. Qxh6+ Kg8 32. Qg6+ Kh8 {[#]} 33. Qh5+ $1 Kg7 {Threatens to win with ...Nd3.} 34. Rf4 Qxe5 35. Rg4+ Qg5 {Precision: White = 64%, Black = 40%.} 1-0

[Event "27th Fajr Cup Masters 2019"]
[Site "Tehran"]
[Date "2019.02.06"]
[Round "3.2"]
[White "Khodashenas, Mersad"]
[Black "Ponkratov, Pavel"]
[Result "1/2-1/2"]
[WhiteElo "2455"]
[BlackElo "2630"]
[Annotator "ChessBase"]
[PlyCount "81"]
[EventDate "2019.02.05"]
[EventType "swiss"]
[EventCountry "IRI"]
[SourceTitle "playchess.com"]
[Source "ChessBase"]
[SourceQuality "1"]
[TimeControl "5400+30"]

1. e4 {[%emt 0:00:00]} e5 {[%emt 0:00:00]} 2. Nc3 {[%emt 0:00:00]} Nf6 {[%emt 0:00:14]} 3. Bc4 {[%emt 0:00:00]} Nc6 {[%emt 0:00:25]} 4. d3 {[%emt 0:00:04]} Na5 {[%emt 0:00:06]} 5. Nge2 {[%emt 0:00:18]} c6 {[%emt 0:01:37]} 6. a4 {[%emt 0:00:01]} d5 {[%emt 0:02:18]} 7. exd5 {[%emt 0:04:45]} cxd5 {[%emt 0:00:04]} 8. Bb5+ {[%emt 0:02:55]} Nc6 {[%emt 0:00:09]} 9. f4 {[%emt 0:06:17]} exf4 {[%emt 0:09:53]} 10. Bxf4 {[%emt 0:04:44]} a6 {[%emt 0:00:59]} 11. Bxc6+ {[%emt 0:00:29]} bxc6 {[%emt 0:00:05]} 12. d4 {[%emt 0:05:32]} Be7 {[%emt 0:00:16]} 13. O-O {[%emt 0:00:20]} a5 {[%emt 0:00:21]} 14. Ng3 {[%emt 0:04:11]} O-O {[%emt 0:00:08]} 15. Qd2 {[%emt 0:00:46]} Ne8 {[%emt 0:09:39]} 16. Rae1 {[%emt 0:04:32]} Ra7 {[%emt 0:00:12]} 17. Nd1 {[%emt 0:01:09]} f6 {[%emt 0:00:20]} 18. Ne2 {[%emt 0:15:27]} Nd6 {[%emt 0:04:14]} 19. Bxd6 {[%emt 0:04:45]} Bxd6 {[%emt 0:00:23]} 20. Nf4 {[%emt 0:02:06]} Re8 {[%emt 0:02:34]} 21. Rxe8+ {[%emt 0:02:51]} Qxe8 {[%emt 0:00:04]} 22. Re1 {[%emt 0:03:18]} Qd8 {[%emt 0:03:58]} 23. Nf2 {[%emt 0:02:10]} Bf5 {[%emt 0:02:40]} 24. N4d3 {[%emt 0:01:40]} Qc7 {[%emt 0:05:23]} 25. g3 {[%emt 0:00:50]} Ra8 {[%emt 0:00:06]} 26. Re3 {[%emt 0:00:29]} h5 {[%emt 0:00:42]} 27. Qe2 {[%emt 0:02:44]} Qf7 {[%emt 0:01:06]} 28. Kg2 {[%emt 0:04:21]} Kh7 {[%emt 0:03:22]} 29. Qf3 {[%emt 0:03:35]} g6 {[%emt 0:00:18]} 30. Re1 {[%emt 0:04:08]} Re8 {[%emt 0:00:57]} 31. Re3 {[%emt 0:00:52]} Kg7 {[%emt 0:00:58]} 32. Qe2 {[%emt 0:00:18]} Rxe3 {[%emt 0:00:44]} 33. Qxe3 {[%emt 0:00:02]} g5 {[%emt 0:00:09]} 34. c3 {[%emt 0:00:51]} h4 {[%emt 0:02:03]} 35. b4 {[%emt 0:00:57]} hxg3 {[%emt 0:01:58]} 36. hxg3 {[%emt 0:00:02]} Qc7 {[%emt 0:05:37]} 37. Nc5 {[%emt 0:00:33]} Kf7 {[%emt 0:04:10]} 38. Qf3 {[%emt 0:02:12]} Kg6 {[%emt 0:00:15]} 39. Qe3 {[%emt 0:00:50]} Kf7 {[%emt 0:00:43]} 40. Qf3 {[%emt 0:03:42]} Kg6 {[%emt 0:00:06]} 41. Qe3 {[%emt 0:02:05]} 1/2-1/2

[Event "27th Fajr Cup Masters 2019"]
[Site "Tehran"]
[Date "2019.02.06"]
[Round "3.3"]
[White "Firouzja, Alireza"]
[Black "Pour Agha Bala, Amirreza"]
[Result "1-0"]
[WhiteElo "2618"]
[BlackElo "2362"]
[Annotator "TA"]
[PlyCount "71"]
[EventDate "2019.02.05"]
[EventType "swiss"]
[EventCountry "IRI"]
[SourceTitle "playchess.com"]
[Source "ChessBase"]
[SourceQuality "1"]

{[%evp 30,71,35,43,94,92,83,90,93,93,120,115,127,84,108,120,117,118,114,112,122,113,202,135,201,129,181,84,200,162,143,45,305,310,402,391,733,733,733,733,676,700,726,726]} 1. d4 Nf6 2. c4 g6 3. Nc3 Bg7 4. e4 d6 5. h3 O-O 6. Be3 c5 7. Nf3 cxd4 8. Nxd4 Nc6 9. Be2 Nxd4 10. Bxd4 Bd7 11. O-O Bc6 12. Qc2 {B38: Sicilian: Maroczy Bind with 5...Bg7 and 7...0-0} a5 13. Rad1 Nd7 14. Bxg7 Kxg7 15. Bg4 Nf6 (15... Ne5 16. c5 Nxg4 17. hxg4 Qc8 18. cxd6 Qxg4 19. dxe7 Rfe8 {1-0 (43) Cheparinov,I (2711)-Amin,B (2709) Zagreb 2018}) 16. c5 {LiveBook: 3 Games} Qc7 $146 (16... Re8 $14) ({Predecessor:} 16... h5 17. Bf3 Qb8 18. cxd6 exd6 19. Rd4 Re8 {1-0 (39) Santos Ruiz,M (2524)-Rotstein,A (2491) Llucmajor 2018}) 17. cxd6 $16 exd6 18. Nb5 Qe7 19. Nxd6 Rad8 20. Qc5 $1 Kg8 21. Rfe1 Nxg4 22. hxg4 Qe6 23. a3 $36 {[%mdl 2048] Keeping Black busy.} Qxg4 24. Qxa5 Rd7 25. Rd4 h5 (25... Rxd6 $16 26. Rxd6 Bxe4) 26. Qc3 Rfd8 (26... f5 $16 27. Re3 fxe4) 27. Red1 h4 {[#]} (27... f6 $16 28. R1d3 Qe6) 28. b4 (28. R1d3 $1 $18 {is more deadly.}) 28... Qe6 (28... h3 $16 29. Qxh3 Qxh3 30. gxh3 Bxe4) 29. Qc5 h3 {[#]} 30. R1d3 (30. gxh3 $1 $16 {Strongly threatening b5.} Qxh3 31. R1d3 Qg4+ 32. Kf1) 30... Qf6 $2 {[%mdl 8192]} (30... hxg2 $1 $14 31. a4 (31. Kxg2 Rxd6 32. Rxd6 Qxe4+ 33. f3 Qg4+ 34. Kf1 Qh3+ 35. Ke2 Qg2+ 36. Kd1 Ba4+ 37. Kc1 Qf1+ 38. Rd1 Qxd1+ 39. Rxd1 Rxd1+ 40. Kb2 Rd2+ 41. Kb1 Rd1+ 42. Kb2 Rd2+ 43. Kb1 Rd1+ 44. Kb2 $11) (31. b5 Bxb5 32. Nxb5 Rxd4 $11) 31... f5) 31. gxh3 $18 Re7 32. Nf5 Ree8 $2 (32... Red7) 33. Rxd8 {White is clearly winning.} Rxd8 34. Ne7+ Qxe7 35. Qxe7 Rxd3 {[#]} 36. b5 $1 {Precision: White = 45%, Black = 18%.} 1-0

[Event "27th Fajr Cup Masters 2019"]
[Site "Tehran"]
[Date "2019.02.06"]
[Round "3.4"]
[White "Ter-Sahakyan, Samvel"]
[Black "Hosseinzadeh, Nima"]
[Result "1/2-1/2"]
[WhiteElo "2593"]
[BlackElo "2331"]
[Annotator "ChessBase"]
[PlyCount "155"]
[EventDate "2019.02.05"]
[EventType "swiss"]
[EventCountry "IRI"]
[SourceTitle "playchess.com"]
[Source "ChessBase"]
[SourceQuality "1"]
[TimeControl "5400+30"]

1. e4 {[%emt 0:00:00]} e5 {[%emt 0:00:26]} 2. Nf3 {[%emt 0:00:00]} Nc6 {[%emt 0:00:08]} 3. Bc4 {[%emt 0:00:02]} Bc5 {[%emt 0:00:14]} 4. d3 {[%emt 0:03:19]} Nf6 {[%emt 0:00:10]} 5. Nc3 {[%emt 0:01:45]} d6 {[%emt 0:00:30]} 6. Na4 {[%emt 0:00:14]} Bb6 {[%emt 0:07:59]} 7. a3 {[%emt 0:02:04]} h6 {[%emt 0:03:29]} 8. O-O {[%emt 0:11:02]} O-O {[%emt 0:02:50]} 9. b4 {[%emt 0:07:31]} Be6 {[%emt 0:09:08]} 10. Ba2 {[%emt 0:13:18]} Bxa2 {[%emt 0:01:34]} 11. Rxa2 {[%emt 0:00:03]} Ne7 {[%emt 0:09:28]} 12. c4 {[%emt 0:03:18]} Ng6 {[%emt 0:16:00]} 13. c5 {[%emt 0:10:40]} dxc5 {[%emt 0:00:04]} 14. bxc5 {[%emt 0:00:03]} Ba5 {[%emt 0:00:15]} 15. Nb2 {[%emt 0:00:04]} c6 {[%emt 0:04:09]} 16. Nc4 {[%emt 0:00:46]} Bc7 {[%emt 0:00:02]} 17. a4 {[%emt 0:04:16]} Qd7 {[%emt 0:03:20]} 18. Rb2 {[%emt 0:07:49]} Rab8 {[%emt 0:00:48]} 19. Rb3 {[%emt 0:01:52]} Rfd8 {[%emt 0:02:07]} 20. Qc2 {[%emt 0:00:57]} b5 {[%emt 0:03:06]} 21. cxb6 {[%emt 0:07:29]} axb6 {[%emt 0:00:26]} 22. Bb2 {[%emt 0:03:56]} Qe6 {[%emt 0:04:38]} 23. d4 {[%emt 0:01:52]} Nxe4 {[%emt 0:09:10]} 24. Re3 {[%emt 0:06:00]} Nf6 {[%emt 0:06:08]} 25. dxe5 {[%emt 0:06:05]} Nd5 {[%emt 0:00:04]} 26. Nd4 {[%emt 0:02:48]} Nxe3 {[%emt 0:02:10]} 27. fxe3 {[%emt 0:00:02]} Qe8 {[%emt 0:02:55]} 28. e6 {[%emt 0:04:34]} fxe6 {[%emt 0:01:04]} 29. Qc3 {[%emt 0:01:46]} e5 {[%emt 0:02:12]} 30. Nf5 {[%emt 0:00:36]} Qe6 {[%emt 0:00:24]} 31. e4 {[%emt 0:00:47]} Rd7 {[%emt 0:01:11]} 32. Nce3 {[%emt 0:00:29]} Nf4 {[%emt 0:03:18]} 33. Kh1 {[%emt 0:00:29]} Kh7 {[%emt 0:01:17]} 34. Nxg7 {[%emt 0:00:30]} Rxg7 {[%emt 0:03:51]} 35. Rxf4 {[%emt 0:00:04]} Rd8 {[%emt 0:01:22]} 36. Rf1 {[%emt 0:00:36]} Rgd7 {[%emt 0:00:30]} 37. Qe1 {[%emt 0:00:47]} Bd6 {[%emt 0:00:54]} 38. Nf5 {[%emt 0:00:31]} Bc5 {[%emt 0:00:34]} 39. h3 {[%emt 0:00:34]} Qc4 {[%emt 0:00:58]} 40. Kh2 {[%emt 0:00:15]} Qe6 {[%emt 0:00:35]} 41. Bc1 {[%emt 0:00:42]} Rd1 {[%emt 0:00:30]} 42. Qe2 {[%emt 0:00:05]} Rxf1 {[%emt 0:00:06]} 43. Qxf1 {[%emt 0:00:03]} Bf8 {[%emt 0:00:17]} 44. Qa6 {[%emt 0:00:35]} Rd1 {[%emt 0:01:05]} 45. Be3 {[%emt 0:00:23]} c5 {[%emt 0:00:33]} 46. a5 {[%emt 0:00:09]} Rb1 {[%emt 0:00:26]} 47. Qb7+ {[%emt 0:00:14]} Kg8 {[%emt 0:00:31]} 48. a6 {[%emt 0:00:04]} Ra1 {[%emt 0:00:33]} 49. a7 {[%emt 0:01:14]} Qa2 {[%emt 0:00:17]} 50. Qxb6 {[%emt 0:00:28]} Qxa7 {[%emt 0:00:06]} 51. Qg6+ {[%emt 0:00:27]} Kh8 {[%emt 0:00:12]} 52. Qe8 {[%emt 0:01:14]} Qa8 {[%emt 0:01:23]} 53. Qxe5+ {[%emt 0:00:05]} Kh7 {[%emt 0:00:15]} 54. Qc7+ {[%emt 0:01:23]} Kg8 {[%emt 0:00:11]} 55. Bxh6 {[%emt 0:00:37]} Ra7 {[%emt 0:01:05]} 56. Qg3+ {[%emt 0:00:12]} Kh7 {[%emt 0:00:22]} 57. Qh4 {[%emt 0:00:34]} Bxh6 {[%emt 0:00:30]} 58. Qxh6+ {[%emt 0:00:08]} Kg8 {[%emt 0:00:00]} 59. Qg6+ {[%emt 0:00:38]} Kh8 {[%emt 0:00:16]} 60. e5 {[%emt 0:00:42]} Qb8 {[%emt 0:00:40]} 61. Qh6+ {[%emt 0:00:38]} Kg8 {[%emt 0:00:20]} 62. Qg5+ {[%emt 0:00:21]} Kh8 {[%emt 0:00:13]} 63. Ne7 {[%emt 0:00:41]} Rxe7 {[%emt 0:01:39]} 64. Qxe7 {[%emt 0:00:04]} Qb6 {[%emt 0:00:30]} 65. Qd6 {[%emt 0:00:51]} Qb4 {[%emt 0:00:24]} 66. e6 {[%emt 0:00:07]} Qe4 {[%emt 0:00:13]} 67. e7 {[%emt 0:00:21]} Kg7 {[%emt 0:00:15]} 68. Qxc5 {[%emt 0:00:13]} Kf7 {[%emt 0:00:15]} 69. Qd6 {[%emt 0:00:15]} Qc4 {[%emt 0:00:31]} 70. Qe5 {[%emt 0:01:32]} Ke8 {[%emt 0:00:13]} 71. g4 {[%emt 0:00:32]} Qd3 {[%emt 0:00:45]} 72. Kg2 {[%emt 0:00:31]} Qb3 {[%emt 0:01:03]} 73. Qe4 {[%emt 0:00:38]} Qc3 {[%emt 0:00:29]} 74. Qe2 {[%emt 0:00:30]} Qb3 {[%emt 0:00:28]} 75. Qe4 {[%emt 0:00:33]} Qc3 {[%emt 0:00:14]} 76. Kh2 {[%emt 0:00:09]} Qc7+ {[%emt 0:00:15]} 77. Kh1 {[%emt 0:00:14]} Qc1+ {[%emt 0:00:07]} 78. Kg2 {[%emt 0:00:07]} 1/2-1/2